How to face interviews (Record no. 2270)

MARC details
000 -LEADER
fixed length control field 00600nam a22001457a 4500
020 ## - INTERNATIONAL STANDARD BOOK NUMBER
ISBN 9788174764942
050 ## - CALL NUMBER
Classification number HF5549.5.T37 TAR
100 ## - AUTHOR
Personal name S K Tarafder
245 ## - TITLE
Title How to face interviews
Remainder of title guidelines to job seekers
Statement of responsibility, etc S K Tarafder
260 ## - PUBLICATION INFORMATION
Place of publication New Delhi
Name of publisher UBSPD
Year of publication 2008
300 ## - DESCRIPTION
Number of Pages x, 130 pages ; 22 cm
505 ## - FORMATTED CONTENTS NOTE
Table of Content 1. WHAT THE CANDIDATE HAS TO FOLLOW FOR FACING THE INTERVIEW<br/>2. WHAT THE INTERVIEWERS DESERVE FROM THE INTERVIEWEES<br/>3. WRITTEN TEST AND GROUP DISCUSSION<br/>4. PERSONALITY TRAITS OF THE INTERVIEWEES<br/>5. GENERAL QUESTIONS AND ANSWERS
650 ## - SUBJECTS
Topical Term Management
942 ## - ADDED ENTRY ELEMENTS (KOHA)
Koha item type Books
Holdings
Withdrawn status Lost status Collection code Home library Current library Shelving location Date acquired Full call number Accession Number Koha item type
    Non-fiction Methodist University Library Main Methodist University Library Main General Stacks 07/04/2010 HF5549.5.T37 TAR 31424 Books
Copyright © 2026  MUG Library